Rapunzel and other short stories (Record no. 83029)
[ view plain ]
| 000 -LEADER | |
|---|---|
| fixed length control field | 00740nam a2200265 i 4500 |
| 001 - CONTROL NUMBER | |
| control field | C2-0275346 |
| 003 - CONTROL NUMBER IDENTIFIER | |
| control field | PPAK |
| 005 - DATE AND TIME OF LATEST TRANSACTION | |
| control field | 20180728004150.0 |
| 008 - FIXED-LENGTH DATA ELEMENTS--GENERAL INFORMATION | |
| fixed length control field | 061016s2006 my a|||| ||||| | eng d |
| 020 ## - INTERNATIONAL STANDARD BOOK NUMBER | |
| International Standard Book Number | 9833234712 ; 9789833234714 |
| 040 ## - CATALOGING SOURCE | |
| Original cataloging agency | PPAK |
| Language of cataloging | eng |
| Transcribing agency | PPAK |
| Description conventions | rda |
| 082 04 - DEWEY DECIMAL CLASSIFICATION NUMBER | |
| Classification number | 428.6 |
| Edition number | 23 |
| 090 00 - LOCALLY ASSIGNED LC-TYPE CALL NUMBER (OCLC); LOCAL CALL NUMBER (RLIN) | |
| Classification number (OCLC) (R) ; Classification number, CALL (RLIN) (NR) | 428.6 |
| Feature heading | TON |
| Feature heading | K |
| 100 1# - MAIN ENTRY--PERSONAL NAME | |
| Personal name | Tong, Lucia, |
| Relator term | author |
| 245 10 - TITLE STATEMENT | |
| Title | Rapunzel and other short stories |
| 264 #1 - PRODUCTION, PUBLICATION, DISTRIBUTION, MANUFACTURE, AND COPYRIGHT NOTICE | |
| Place of production, publication, distribution, manufacture | Kuala Lumpur : |
| Name of producer, publisher, distributor, manufacturer | Pustaka Seri Edma , |
| Date of production, publication, distribution, manufacture, or copyright notice | 2006 |
| 300 ## - PHYSICAL DESCRIPTION | |
| Extent | 26 pages : |
| Other physical details | colour illustrations ; |
| Dimensions | 21 cm |
| 336 ## - CONTENT TYPE | |
| Source | rdacontent |
| Content type term | text |
| 337 ## - MEDIA TYPE | |
| Source | rdamedia |
| Media type term | unmediated |
| 338 ## - CARRIER TYPE | |
| Source | rdacarrier |
| Carrier type term | volume |
| 490 1# - SERIES STATEMENT | |
| Series statement | Eccentric Readers |
| 650 10 - SUBJECT ADDED ENTRY--TOPICAL TERM | |
| Topical term or geographic name entry element | Readers. |
| 830 #0 - SERIES ADDED ENTRY--UNIFORM TITLE | |
| Uniform title | Eccentric Readers |
| 942 ## - ADDED ENTRY ELEMENTS (KOHA) | |
| -- | dc |
| Koha item type | Book |
| Withdrawn | Not for loan | Current library | Shelving location | Date acquired | Full call number | Barcode | Date last seen | Koha item type | Total Checkouts |
|---|---|---|---|---|---|---|---|---|---|
| Perpustakaan Alor Setar | Pinjaman Kanak-kanak | 07/01/2007 | K 428.6 TON | A01129109 | 09/05/2018 | Book | |||
| Perpustakaan Awam Sungai Petani | Pinjaman Kanak-kanak | 07/01/2007 | K 428.6 TON | A01129119 | 09/05/2018 | Book | |||
| Perpustakaan Bandar Baharu | Pinjaman Kanak-kanak | 07/01/2007 | K 428.6 TON | A01129117 | 09/05/2018 | Book | |||
| Perpustakaan Kuala Kedah | Pinjaman Kanak-kanak | 17/10/2006 | K 428.6 TON | A01150591 | 09/05/2018 | Book | |||
| Perpustakaan Kuala Kedah | Pinjaman Kanak-kanak | 17/10/2006 | K 428.6 TON | A01150611 | 09/05/2018 | Book | |||
| Perpustakaan Kulim | Pinjaman Kanak-kanak | 07/01/2007 | K 428.6 TON | A01129113 | 09/05/2018 | Book | |||
| Perpustakaan Langkawi | Pinjaman Kanak-kanak | 07/01/2007 | K 428.6 TON | A01129112 | 09/05/2018 | Book | |||
| Perpustakaan Yan | Pinjaman Kanak-kanak | 07/01/2007 | K 428.6 TON | A01129114 | 09/05/2018 | Book | |||
| PD03, Kg. Pulau Pisang, Jitra | Pinjaman Kanak-kanak | 17/10/2006 | K 428.6 TON | A01150579 | 09/05/2018 | Book | |||
| PD04, Kg. Bukit Nambua, Kuala Nerang | Pinjaman Kanak-kanak | 17/10/2006 | K 428.6 TON | A01150580 | 09/05/2018 | Book | |||
| PD06, Kg. Kepala Bukit, Pendang | Pinjaman Kanak-kanak | 17/10/2006 | K 428.6 TON | A01150582 | 09/05/2018 | Book | |||
| PD11, Felda Teloi Kanan, Kuala Ketil | Pinjaman Kanak-kanak | 17/10/2006 | K 428.6 TON | A01150587 | 09/05/2018 | Book | |||
| PD12, Kg. Padang, Baling | Pinjaman Kanak-kanak | 17/10/2006 | K 428.6 TON | A01150588 | 09/05/2018 | Book | |||
| PD13, KEDA Lahar Tunjung, Pendang | Pinjaman Kanak-kanak | 17/10/2006 | K 428.6 TON | A01150589 | 09/05/2018 | Book | |||
| PD14, Felda Sungai Tiang, Pendang | Pinjaman Kanak-kanak | 17/10/2006 | K 428.6 TON | A01150590 | 09/05/2018 | Book | |||
| PD17, Kg. Binjul, Kuala Ketil | Pinjaman Kanak-kanak | 17/10/2006 | K 428.6 TON | A01150593 | 09/05/2018 | Book | |||
| PD18, Kg. Wang Tepus, Jitra | Pinjaman Kanak-kanak | 17/10/2006 | K 428.6 TON | A01150594 | 09/05/2018 | Book | |||
| PD23, Taman Mas Merah, Titi Gajah, Alor Setar | Pinjaman Kanak-kanak | 17/10/2006 | K 428.6 TON | A01150599 | 09/05/2018 | Book | |||
| PD24, Felda Bukit Tangga, Bukit Kayu Hitam | Pinjaman Kanak-kanak | 17/10/2006 | K 428.6 TON | A01150600 | 09/05/2018 | Book | |||
| PD27, Kg. Bendang Bukit, Pendang | Pinjaman Kanak-kanak | 17/10/2006 | K 428.6 TON | A01150603 | 09/05/2018 | Book | |||
| PD29, Kg. Gajah Putih, Sik | Pinjaman Kanak-kanak | 17/10/2006 | K 428.6 TON | A01150605 | 09/05/2018 | Book | |||
| PD30, Bandar Baru Beris Jaya, Sik | Pinjaman Kanak-kanak | 17/10/2006 | K 428.6 TON | A01150606 | 09/05/2018 | Book | |||
| PD34, Kg. Pantai Prai | Pinjaman Kanak-kanak | 17/10/2006 | K 428.6 TON | A01150598 | 09/05/2018 | Book | |||
| PD36, Kg. Kuala Lanjut, Kota Star | Pinjaman Kanak-kanak | 17/10/2006 | K 428.6 TON | A01150608 | 09/05/2018 | Book | |||
| PD37, Kg. Belat, Pendang | Pinjaman Kanak-kanak | 17/10/2006 | K 428.6 TON | A01150609 | 09/05/2018 | Book | |||
| PD38, KEDA Tanjung Setol, Pendang | Pinjaman Kanak-kanak | 17/10/2006 | K 428.6 TON | A01150610 | 09/05/2018 | Book | |||
| PD39, Felda Bukit Tembaga, Kuala Nerang | Pinjaman Kanak-kanak | 17/10/2006 | K 428.6 TON | A01150612 | 09/05/2018 | Book |